000 01322nam0a2200385 4500
001 RU\NLR\bibl\181445
005 20250618063002.0
010 _a5-7990-0537-6
_92000
021 _aRU
_b2001-19778
_9930
035 _a(NLR Aleph) 000178114
090 _a1027805
_c1027805
100 _a20010724d2001 |||y0rusy50 ca
101 0 _arus
102 _aRU
105 _aa |||||||||
200 1 _aЦелебные силы меди. Медетерапия
_e[Посвящ. Н. М. Сафоновой]
_fС. А. Ласкин
210 _aМ.
_cПриор
_cПриоритет
_d2001
215 _a112 с.
_cил.
_d20
320 _aБиблиогр.: с. 108-109
600 1 _aСафонова
_bН. М.
_gНина Михайловна
_2psbo
606 1 _aМедь
_xЛечебное применение
_92231561
_3RU\NLR\AUTH\661339394
610 0 _aМедь - Биологическое действие
610 0 _aМеталлотерапия
675 _a615.31:546.56
_v3
_zrus
686 _a76.31
_2rugasnti
686 _a52.81
_2rubbk
686 _aР358.9
700 1 _aЛаскин
_gСергей Алексеевич
_4070
801 0 _aRU
_bRKP
_c20010724
_gPSBO
801 1 _aRU
_bRKP
_c20010724
801 2 _aRU
_bNLR
_c20011005
_grcr
942 _cBOOK
980 _aNB